|
|
|
|
| LEADER |
02125nam a2200541 i 4500 |
| 001 |
nkc20223477120 |
| 003 |
CZ PrNK |
| 005 |
20230206074630.0 |
| 007 |
ta |
| 008 |
221212s2022 xr a e p 000 0 cze |
| 015 |
|
|
|a cnb003477120
|
| 020 |
|
|
|a 978-80-7561-376-9
|q (brožováno)
|
| 035 |
|
|
|a (OCoLC)1369541201
|
| 040 |
|
|
|a BOA001
|b cze
|e rda
|
| 072 |
|
7 |
|a 615.8
|x Fyzioterapie. Psychoterapie. Alternativní lékařství
|2 Konspekt
|9 14
|
| 072 |
|
7 |
|a 37.016
|x Učební osnovy. Vyučovací předměty. Učebnice
|2 Konspekt
|9 22
|
| 080 |
|
|
|a 615.81/.84
|2 MRF
|
| 080 |
|
|
|a 612.8
|2 MRF
|
| 080 |
|
|
|a 615.825
|2 MRF
|
| 080 |
|
|
|a (075.8)
|2 MRF
|
| 100 |
1 |
|
|a Charvátová, Alena
|7 xx0312522
|4 aut
|
| 245 |
1 |
0 |
|a Přehled a základní principy fyzioterapeutických konceptů II :
|b učební text /
|c Alena Charvátová, Ondřej Kališko
|
| 250 |
|
|
|a Vydání první
|
| 264 |
|
1 |
|a Ústí nad Labem :
|b Fakulta zdravotnických studií UJEP v Ústí nad Labem,
|c 2022
|
| 300 |
|
|
|a 122 stran :
|b ilustrace ;
|c 30 cm
|
| 336 |
|
|
|a text
|b txt
|2 rdacontent
|
| 337 |
|
|
|a bez média
|b n
|2 rdamedia
|
| 338 |
|
|
|a svazek
|b nc
|2 rdacarrier
|
| 490 |
1 |
|
|a Skripta
|
| 500 |
|
|
|a 120 výtisků
|
| 504 |
|
|
|a Obsahuje bibliografie
|
| 650 |
0 |
7 |
|a fyzioterapie
|7 ph120452
|2 czenas
|
| 650 |
0 |
7 |
|a neurofyziologie
|7 ph123257
|2 czenas
|
| 650 |
0 |
7 |
|a pohybová terapie
|7 ph134974
|2 czenas
|
| 650 |
0 |
9 |
|a physiotherapy
|2 eczenas
|
| 650 |
0 |
9 |
|a neurophysiology
|2 eczenas
|
| 650 |
0 |
9 |
|a movement therapy
|2 eczenas
|
| 655 |
|
7 |
|a učebnice vysokých škol
|7 fd133772
|2 czenas
|
| 655 |
|
9 |
|a textbooks (higher)
|2 eczenas
|
| 700 |
1 |
|
|a Kališko, Ondřej
|7 mzk20201067188
|4 aut
|
| 710 |
2 |
|
|a Univerzita J.E. Purkyně v Ústí nad Labem.
|b Fakulta zdravotnických studií
|7 xx0160075
|4 isb
|
| 810 |
2 |
|
|a Univerzita J.E. Purkyně v Ústí nad Labem.
|t Skripta
|0 s
|
| 910 |
2 |
|
|a BOA001
|b 4-1499.670
|
| 928 |
9 |
|
|a Univerzita Jana Evangelisty Purkyně v Ústí nad Labem, Fakulta zdravotnických studií
|
| 990 |
|
|
|a BK
|
| 995 |
|
|
|a 01
|
| 991 |
|
|
|b 202301
|c NOV
|
| 996 |
6 |
|
|b 2610924627
|c 4-1499.670
|l MZK
|r Sklad / do 1 hodiny
|n 0
|p p.v.
|w 001908496
|u 000010
|a 1
|e BOA001
|j MZK50
|s P
|